000 00686nam a2200277Ia 4500
005 20260324120532.0
008 008 260324s9999 xx 000 0 eng d
020 _a9781315586762
037 _aEBOOK
040 _aCRL
040 _beng
040 _cCRL
041 _2eng
041 _aeng
084 _qCRL
100 _aAbby Coykendall; Ana de Freitas Boe
_91158953
245 0 _aHeteronormativity in Eighteenth-Century Literature and Culture
260 _bTaylor and Francis
260 _c2015
365 _a
365 _b230
856 _uhttp://www.taylorfrancis.com/books/9781315586762
942 _cEBOOK
999 _c1750552
_d1750552